| 000 | 01191nam a2200313Ia 4500 | ||
|---|---|---|---|
| 001 | ebr10361610 | ||
| 003 | CaPaEBR | ||
| 006 | m u | ||
| 007 | cr cn||||||||| | ||
| 008 | 090306s2009 si sb 001 0 eng d | ||
| 020 | _z9789812833877 | ||
| 020 | _z9812833870 | ||
| 040 |
_aCaPaEBR _cCaPaEBR |
||
| 035 | _a(OCoLC)647850113 | ||
| 050 | 1 | 4 |
_aQA295 _b.S93 2009eb |
| 100 | 1 |
_aSwartz, Charles, _d1938- |
|
| 245 | 1 | 0 |
_aMultiplier convergent series _h[electronic resource] / _cCharles Swartz. |
| 260 |
_aSingapore ; _aHackensack, NJ : _bWorld Scientific, _c2009. |
||
| 300 | _ax, 253 p. | ||
| 504 | _aIncludes bibliographical references (p. 245-249) and index. | ||
| 533 |
_aElectronic reproduction. _bPalo Alto, Calif. : _cebrary, _d2010. _nAvailable via World Wide Web. _nAccess may be limited to ebrary affiliated libraries. |
||
| 650 | 0 | _aConvergence. | |
| 650 | 0 | _aMultipliers (Mathematical analysis) | |
| 650 | 0 | _aOrlicz spaces. | |
| 650 | 0 | _aSeries, Arithmetic. | |
| 655 | 7 |
_aElectronic books. _2local |
|
| 710 | 2 | _aebrary, Inc. | |
| 856 | 4 | 0 |
_uhttp://site.ebrary.com/lib/rucke/Doc?id=10361610 _zAn electronic book accessible through the World Wide Web; click to view |
| 999 |
_c106261 _d106261 |
||